Zhodnotenie trendov efektívnosti hlavných poľnohospodárskych výrobkov

Guardado en:
Detalles Bibliográficos
Autor principal: Kubanková, Mária
Otros Autores: Burianová, Viera
Formato: Libro
Lenguaje:eslovaco
Publicado: Bratislava Výskumný ústav ekonomiky poľnohospodárstva a potravinárstva 2007
Colección:Štúdia č. 122/2007
Materias:
Etiquetas: Agregar Etiqueta
Sin Etiquetas, Sea el primero en etiquetar este registro!

MARC

LEADER 00000nam$a2200000$$$4500
001 0060373
005 20240223110537.9
020 |a 978-80-8058-456-6 
041 0 |a slo 
044 |a SK 
245 1 0 |a Zhodnotenie trendov efektívnosti hlavných poľnohospodárskych výrobkov  |c Mária Kubanková, Viera Burianová 
264 1 |a Bratislava  |b Výskumný ústav ekonomiky poľnohospodárstva a potravinárstva  |c 2007 
300 |a 45 s. 
490 1 |a Štúdia  |v č. 122/2007 
830 0 |a Štúdia  |v č. 122/2007 
610 2 0 |a poľnohospodárstvo 
610 2 0 |a výrobky poľnohospodárske 
610 2 0 |a efektívnosť 
610 2 0 |a ukazovatele ekonomické 
610 2 0 |a náklady 
610 2 0 |a ceny 
610 2 0 |a zisk 
610 2 0 |a porovnanie medzinárodné 
610 2 0 |a podpora podnikania 
610 2 0 |a dotácie 
610 2 0 |a Slovensko 
100 1 |a Kubanková, Mária 
700 1 |a Burianová, Viera